000 01090nam a22002775a 4500
005 20150901140135.0
006 a||||fr||z| 00| 0
008 150826t2002 maua|||fr|||| 001 0 eng d
010 _a 2001278794
040 _aEG-ScBUE
_beng
_cEG-ScBUE
082 0 4 _a658.802
_bMAS
_222
100 1 _aMason, Charlotte H.
_920266
245 1 4 _aThe marketing game! :
_bwith student CD-Rom /
_cCharlotte H. Mason, William D. Perreault, Jr.
250 _a3rd ed.
260 _aBoston :
_bMcGraw-Hill/Irwin,
_cc.2002.
300 _axviii, 100 p. :
_bill., forms ;
_c28 cm. +
_e1 computer optical disc (4 3/4 in.)
500 _aSystem requirements for computer disc: Window 95/NT98/2000/ME; 3MB of free RAM; tutorials require a multimedia PC (with sound) and CD-drive; TMGftp requires an Internet connection.
500 _aIndex : p. 97-99.
590 _adoaa mohamed
650 0 _aMarketing
_xDecision making.
_2BUEsh
650 0 _aManagement games.
_2BUEsh
_920268
651 _2BUEsh
653 _bBUSADM
_cAugust2015
700 1 _aPerreault, William D.
942 _cTB
_k658.802 MAS
_2ddc
999 _c204
_d204